00826nam a2200205Ia 4500001001000000003000500010008004100015010001100056040000900067100003200076245018600108260003400294300001000328502010600338650003100444650003100475650004200506650002200548710005000570Para_9357CHAP220125s2007 xx 000 0 und d a208055 cCHAP aDelgado Fernández, Sintya aDeterminación del umbral de detección de Clavibacter michiganensis subsp. michiganensis en semillas de tomate (Lycopersicon esculentum Mill.) /c por Syntia Delgado Fernández aChapingo, Méx. :b el autor a50 h. aTesis (Ing. Agr. Esp. en Parasitología Agrícola) -- UACh. Departamento Parasitología Agrícola aBacterias fitopatógenas  aClavibacter michiganensis  aTomate x enfermedades por bacterias  aTomate x semilla aUACh. Departamento Parasitología Agrícola